| 000 | 00737nam a2200253Ia 4500 | ||
|---|---|---|---|
| 003 | OSt | ||
| 005 | 20221006143134.0 | ||
| 006 | a|||||r|||| 00| 0 | ||
| 007 | ta | ||
| 008 | 221006b |||||||| |||| 00| 0 eng d | ||
| 020 | _c¥3840 | ||
| 024 | _a8,135 | ||
| 037 | _cTextual | ||
| 040 |
_aEASL _cEASL _beng |
||
| 041 |
_2eng _aeng |
||
| 082 | _aW5:19.42.N1, L0 | ||
| 100 |
_aOKAMOTO Shumpei _9108246 |
||
| 245 | 0 | _aJapanese Oligarchy and the Russo-Japanese war | |
| 260 |
_aNew York _bColumbia University Press _c1970 |
||
| 300 |
_a358p. _ccm. |
||
| 490 |
_v JEL _aStudies of the East Asian Institute Columbia University |
||
| 942 |
_hW5:19.42.N1, L0 _cTEXL _2CC |
||
| 999 |
_c1076221 _d1076221 |
||